En Vías hacia una estructura racional de la economía /

Gespeichert in:
Bibliographische Detailangaben
1. Verfasser: Zuikov, Guennadi
Format: Text
Tags: Tag hinzufügen
Keine Tags, Fügen Sie den ersten Tag hinzu!

MARC

LEADER 00000 a a2200000 04500
001 588
003
040
100 |a Zuikov, Guennadi  
245 |a En Vías hacia una estructura racional de la economía /  |c Guennadi Zuikov 
773 |g número 1; páginas 11-19  
999 |c 35963  |d 35963